000 00585nam a2200205Ii 4500
003 JO-AjNU
008 230606s9999||||xx |||||||||||||| ||und||
040 _aJO-AjNU
_beng
_erda
_cJO-AjNU
041 _aeng
050 1 4 _aPS507.B527 1963
100 3 _aCunliffe , Marcus,
_eauthor
_95431
245 0 4 _aThe Literature of the United States
250 _a1 ed
264 3 1 _aMaryland : Penguing Books ,1963
300 _a382p
336 _atext
_btxt
_2rdacontent
337 _aunmediated
_bn
_2rdamedia
338 _avolume
_bnc
_2rdacarrier
650 4 _a American literature 
_95432
999 _aE2805
_c2803
_d2803